[Event "SR 3. liga A2 2008/2009"]
[Site "?"]
[Date "2009.01.25"]
[Round "6.3"]
[White "Liptak, Tomas"]
[Black "Kollarik, Gorazd"]
[Result "1-0"]
[WhiteElo "2021"]
[BlackElo "1941"]
[PlyCount "107"]
[EventDate "2008.??.??"]

1. e4 d5 2. exd5 Nf6 3. c4 c6 4. dxc6 Nxc6 5. Nf3 Bg4 6. h3 Bxf3 7. Qxf3 e6 8.
d3 Bb4+ 9. Nc3 O-O 10. Bd2 Qd7 11. a3 Be7 12. Be3 b6 13. Rd1 Nd4 14. Bxd4 Qxd4
15. Qe3 Bc5 16. Qxd4 Bxd4 17. Rc1 Rfd8 18. g3 Rd7 19. Be2 Rc8 20. O-O g6 21.
Kg2 h5 22. Rfd1 Kg7 23. Rc2 Ng8 24. Ne4 Ne7 25. Rdc1 f5 26. Ng5 Rd6 27. Nf3 Nc6
28. b4 Ne5 29. Nxd4 Rxd4 30. Rc3 Nd7 31. Kf3 Kf6 32. Ke3 e5 33. f4 Rd6 34.
fxe5+ Kxe5 35. c5 bxc5 36. bxc5 Rd4 37. Rc4 Rxc4 38. Rxc4 Ke6 39. d4 Nf6 40.
Ra4 Nd5+ 41. Kd3 f4 42. g4 Rc7 43. Ra6+ Kf7 44. gxh5 gxh5 45. Bxh5+ Ke7 46. Bf3
Nf6 47. Kc4 Nd7 48. h4 Kf7 49. h5 Kg7 50. h6+ Kh7 51. Be4+ Kh8 52. Re6 Nf8 53.
Rf6 Kg8 54. Bd5+ 1-0

[Event "SR 3. liga A2 2008/2009"]
[Site "?"]
[Date "2009.01.25"]
[Round "6.4"]
[White "Racik, Marek"]
[Black "Sarmír, Milos"]
[Result "0-1"]
[WhiteElo "1932"]
[BlackElo "2086"]
[PlyCount "120"]
[EventDate "2008.??.??"]

1. Nf3 d5 2. c4 c6 3. b3 Nf6 4. Bb2 e6 5. d4 Ne4 6. Nbd2 Bb4 7. a3 Nxd2 8. Nxd2
Be7 9. e3 O-O 10. Bd3 Nd7 11. O-O b6 12. Rc1 Bb7 13. f4 dxc4 14. Nxc4 c5 15. f5
exf5 16. Rxf5 g6 17. Qg4 cxd4 18. Bxd4 Nc5 19. Bc2 Bc8 20. Rcf1 Bxf5 21. Rxf5
Ne6 22. Bb2 Ng7 23. Rf3 b5 24. Ne5 Qd2 25. Rf2 Qe1+ 26. Rf1 Qxe3+ 27. Kh1 Qd2
28. Qe4 Rac8 29. Nc6 Bg5 30. Rd1 Rfe8 31. Rxd2 Rxe4 32. Bxe4 Rxc6 33. Bxc6 Bxd2
34. Bxb5 Ne6 35. g3 Kf8 36. Bf6 Bg5 37. Bc3 Ke7 38. Kg2 Bf6 39. Bb4+ Kd8 40.
Bc4 Kd7 41. Kf3 Be7 42. Bb5+ Kd8 43. Ba5+ Kc8 44. Be8 Nd4+ 45. Ke4 Nxb3 46. Bb4
Bxb4 47. axb4 f6 48. Kd5 Kd8 49. Ba4 Nd2 50. Ke6 f5 51. h3 Ne4 52. g4 fxg4 53.
hxg4 Nf2 54. g5 Ne4 55. Kf7 Nxg5+ 56. Kf6 Nf3 57. Kg7 Ke7 58. Kxh7 Kf6 59. Kh6
Ne5 60. Bc2 Nf7+ 0-1

[Event "SR 3. liga A2 2008/2009"]
[Site "?"]
[Date "2009.01.25"]
[Round "6.5"]
[White "Liptak, Dusan"]
[Black "Slamka, Michal"]
[Result "1/2-1/2"]
[WhiteElo "1927"]
[BlackElo "1734"]
[PlyCount "97"]
[EventDate "2008.??.??"]

1. d4 Nf6 2. c4 e6 3. Nf3 b6 4. a3 Bb7 5. Nc3 Be7 6. Qc2 d5 7. cxd5 Nxd5 8. e4
Nxc3 9. bxc3 c5 10. Be2 O-O 11. O-O Qc7 12. Qb1 Nd7 13. Rd1 Rfd8 14. g3 cxd4
15. cxd4 Rac8 16. Bd3 Nf8 17. Bf4 Bd6 18. Be3 Qe7 19. Nd2 Rc3 20. Nc4 Ba6 21.
Nxd6 Rxd3 22. Rxd3 Bxd3 23. Qxd3 Qxd6 24. Rc1 Nd7 25. Qa6 Qb8 26. Qc4 Nf6 27.
f3 h6 28. Qc6 Re8 29. Kg2 Re7 30. h4 Qb7 31. Qc4 Rd7 32. Bf4 b5 33. Qc5 a6 34.
g4 Rd8 35. Qc6 Qa8 36. g5 hxg5 37. hxg5 Nd7 38. g6 Qxc6 39. Rxc6 Nf6 40. Rxa6
fxg6 41. Rxe6 Rxd4 42. Rb6 Rd3 43. Bd6 Nd7 44. Ra6 Kf7 45. Bb4 Ne5 46. f4 Nc4
47. Ra7+ Kf6 48. Be7+ Ke6 49. Bb4 $11 1/2-1/2

[Event "SR 3. liga A2 2008/2009"]
[Site "?"]
[Date "2009.01.25"]
[Round "6.6"]
[White "Barca, Michal"]
[Black "Vlkovic, Pavol"]
[Result "1-0"]
[WhiteElo "1783"]
[BlackElo "1934"]
[PlyCount "153"]
[EventDate "2008.??.??"]

1. c4 e6 2. d4 f5 3. Nf3 Nf6 4. g3 c6 5. Bg2 d5 6. O-O Be7 7. b3 O-O 8. Bf4 Ne4
9. Nfd2 Nxd2 10. Qxd2 Nd7 11. a3 g5 12. Be3 dxc4 13. bxc4 Nb6 14. Rc1 Bf6 15.
Ra2 Bd7 16. d5 e5 17. Bxb6 Qxb6 18. Rb2 Qa6 19. Qb4 Rab8 20. e4 cxd5 21. cxd5
Rfc8 22. Rc3 Bd8 23. Bf1 Qa5 24. Rxc8 Bxc8 25. exf5 Bxf5 26. d6 Qxb4 27. Rxb4
Be6 28. Ba6 Bb6 29. Bc4 Kf7 30. d7 Ke7 31. Bd3 h6 32. h4 Bxd7 33. hxg5 hxg5 34.
Be4 Bc6 35. a4 Bxe4 36. Rxe4 Bd4 37. Nd2 Rf8 38. Re2 Kf6 39. Ne4+ Kg6 40. Rc2
Rf3 41. Ra2 Rb3 42. Kg2 Rb6 43. g4 Ra6 44. Ra3 Bb2 45. Ra2 Rb6 46. Kg3 Bc1 47.
Kg2 Rc6 48. Ra1 b6 49. Kg1 Bf4 50. f3 Kf7 51. Rd1 Ke7 52. Kf1 Rc4 53. Ra1 Ke6
54. a5 b5 55. Rb1 Rc1+ 56. Rxc1 Bxc1 57. Ke2 Kd5 58. Kd3 Kc6 59. Kc3 Be3 60.
Kb4 a6 61. Kc3 Kd5 62. Nf6+ Kc6 63. Kd3 Bd4 64. Ne4 b4 65. Kc4 b3 66. Kxb3 Kb5
67. Nxg5 Kxa5 68. Ne6 Be3 69. g5 Kb5 70. g6 Bh6 71. g7 Bxg7 72. Nxg7 Kc5 73.
Kc3 Kd5 74. Kd3 a5 75. Nf5 a4 76. Ne3+ Ke6 77. Nc2 1-0

[Event "SR 3. liga A2 2008/2009"]
[Site "?"]
[Date "2009.01.25"]
[Round "6.7"]
[White "Hornak, Pavol"]
[Black "Filip, Frantisek"]
[Result "1-0"]
[WhiteElo "1743"]
[BlackElo "1853"]
[PlyCount "97"]
[EventDate "2008.??.??"]

1. d4 Nf6 2. c4 d5 3. Nf3 c6 4. e3 e6 5. Nbd2 Qb6 6. c5 Qc7 7. Ne5 Nbd7 8. Nxd7
Bxd7 9. Nf3 a5 10. Bd3 b6 11. cxb6 Bb4+ 12. Bd2 Qxb6 13. O-O Bd6 14. Rb1 Qc7
15. Qe2 Ne4 16. g3 h6 17. Rfc1 O-O 18. Be1 Be8 19. Nd2 f5 20. f4 Nf6 21. h3 Bh5
22. Qg2 Rac8 23. Nb3 Bb4 24. Bxb4 axb4 25. Qc2 Qb6 26. Nc5 Rfe8 27. Be2 Bf7 28.
Qb3 Qa5 29. Nb7 Qc7 30. Nc5 Ne4 31. Nxe4 dxe4 32. Qxb4 g5 33. Rc5 gxf4 34. exf4
Qa7 35. a3 Red8 36. Rd1 Rb8 37. Qc3 Qa4 38. b4 Ra8 39. Ra1 Rd6 40. Bd1 Qa7 41.
Bb3 Rad8 42. Rd1 Qxa3 43. Ra5 Ra8 44. Rxa3 Rxa3 45. Ra1 Rxa1+ 46. Qxa1 Be8 47.
Qc3 Kf7 48. Qc5 Rd8 49. Qxf5+ 1-0

[Event "SR 3. liga A2 2008/2009"]
[Site "?"]
[Date "2009.01.25"]
[Round "6.8"]
[White "Niznansky, Lukas"]
[Black "Markuliak, Mario"]
[Result "1/2-1/2"]
[WhiteElo "1479"]
[BlackElo "1762"]
[PlyCount "53"]
[EventDate "2008.??.??"]

1. e4 e5 2. Nf3 Nc6 3. Bb5 a6 4. Ba4 Nf6 5. O-O d6 6. Re1 Bg4 7. h3 Bh5 8. c3
Be7 9. d4 exd4 10. cxd4 O-O 11. Bxc6 bxc6 12. Nc3 Re8 13. Be3 d5 14. exd5 cxd5
15. Bf4 Qd7 16. Qd3 Bg6 17. Qd2 Bd6 18. Bxd6 Qxd6 19. Rxe8+ Rxe8 20. Re1 Rxe1+
21. Qxe1 h6 22. Ne5 Bf5 23. Qe2 Be6 24. a3 Qb6 25. Qd2 Qd6 26. Qe2 Qb6 27. Qd2
1/2-1/2

[Event "SR 3. liga A2 2008/2009"]
[Site "?"]
[Date "2009.01.25"]
[Round "6.1"]
[White "Csiba, Dominik"]
[Black "Strachan, Jan"]
[Result "1-0"]
[WhiteElo "2169"]
[BlackElo "2223"]
[PlyCount "49"]
[EventDate "2008.??.??"]

1. e4 g6 2. f4 c5 3. Nf3 Bg7 4. Nc3 Nc6 5. Bb5 Nd4 6. O-O Nxb5 7. Nxb5 Nf6 8.
Nc3 O-O 9. d3 d5 10. e5 Ne8 11. d4 cxd4 12. Qxd4 Nc7 13. Rd1 Be6 14. Be3 Qc8
15. h3 Rd8 16. Qd2 b6 17. Qf2 f6 18. Bd4 Bf5 19. exf6 exf6 20. Rd2 Ne6 $11 21.
Be3 Be4 22. Rad1 Qb7 23. Nd4 Nf8 24. f5 Rac8 25. g4 1-0

[Event "SR 3. liga A2 2008/2009"]
[Site "?"]
[Date "2009.01.25"]
[Round "6.2"]
[White "Ivan, Imrich ml"]
[Black "Lesny, Stefan"]
[Result "1/2-1/2"]
[WhiteElo "2049"]
[BlackElo "2105"]
[PlyCount "76"]
[EventDate "2008.??.??"]

1. Nf3 d5 2. d4 e6 3. Bf4 f5 4. e3 Nf6 5. Be2 Be7 6. O-O O-O 7. Ne5 Ne4 8. f3
Nd6 9. Nd2 Nd7 10. c4 c6 11. Rc1 Nf7 12. Nxf7 Rxf7 13. Bg3 Bg5 14. f4 Be7 15.
Nf3 Rf8 16. Kh1 Nf6 17. Bh4 Bd7 18. Ne5 Be8 19. Rg1 Ne4 20. Be1 Bf6 21. Bf3
Bxe5 22. dxe5 Qb6 23. Bxe4 fxe4 24. Qe2 Rd8 25. Bc3 Bg6 26. cxd5 Rxd5 27. h4
Qd8 28. Be1 Rd3 29. g4 Qb6 30. Rg3 Rfd8 31. Bc3 Qa6 32. Rcg1 Qxa2 33. Qc2 Qc4
34. f5 Bf7 35. f6 Rd2 36. Qc1 Rf2 37. Qe1 Rc2 38. R3g2 Rxg2 1/2-1/2

[Event "SR 3. liga A2 2008/2009"]
[Site "?"]
[Date "2009.01.25"]
[Round "6.3"]
[White "Kolesar, Rastislav"]
[Black "Abraham, Jan"]
[Result "1-0"]
[WhiteElo "1978"]
[BlackElo "1979"]
[PlyCount "53"]
[EventDate "2008.??.??"]

1. e4 e6 2. d4 d5 3. e5 c5 4. c3 Nc6 5. Nf3 Qb6 6. a3 Bd7 7. b4 cxd4 8. cxd4
Nge7 9. Nc3 Ng6 10. Na4 Qc7 11. Bb2 b6 12. Ba6 Bc8 13. Bb5 a6 14. Bd3 Nf4 15.
O-O Nxd3 16. Qxd3 Bd7 17. Nc3 Qb7 18. Ne2 g6 19. Ng5 Bg7 20. h4 Ne7 21. a4 O-O
22. b5 Rfc8 23. g4 Rc4 24. h5 gxh5 25. Qxh7+ Kf8 26. gxh5 Nf5 27. Ba3+ 1-0

[Event "SR 3. liga A2 2008/2009"]
[Site "?"]
[Date "2009.01.25"]
[Round "6.4"]
[White "Csefalvay, Stefan"]
[Black "Csiba, Peter"]
[Result "0-1"]
[WhiteElo "1965"]
[BlackElo "2052"]
[PlyCount "47"]
[EventDate "2008.??.??"]

1. d4 Nf6 2. Nf3 d5 3. g3 e6 4. Bg2 Nbd7 5. O-O Bd6 6. c4 c6 7. Qd3 O-O 8. Nc3
dxc4 9. Qxc4 e5 10. dxe5 Nxe5 11. Nxe5 Bxe5 12. e4 Be6 13. Qe2 Qa5 14. Qc2 Rad8
15. h3 Bc4 16. Re1 Rd3 17. Re3 Rfd8 18. Rxd3 Bxd3 19. Qb3 Bxc3 20. bxc3 Bxe4
21. Be3 b6 22. Bd4 Bxg2 23. Kxg2 Qf5 24. Qd1 0-1

[Event "SR 3. liga A2 2008/2009"]
[Site "?"]
[Date "2009.01.25"]
[Round "6.5"]
[White "Ujhelyi, Matus"]
[Black "Vizvari, Ludovit"]
[Result "1-0"]
[WhiteElo "1926"]
[BlackElo "2039"]
[PlyCount "35"]
[EventDate "2008.??.??"]

1. e4 c5 2. Nf3 e6 3. d4 cxd4 4. Nxd4 a6 5. Be2 Nf6 6. Nc3 Bb4 7. Qd3 Qc7 8.
Bd2 d5 9. exd5 Nxd5 10. Nxd5 Bxd2+ 11. Qxd2 exd5 12. Qe3+ Qe7 13. Qxe7+ Kxe7
14. O-O-O Nc6 15. Rhe1 Kf6 16. Bf3 Be6 17. Re3 Ne5 18. Nxe6 1-0

[Event "SR 3. liga A2 2008/2009"]
[Site "?"]
[Date "2009.01.25"]
[Round "6.6"]
[White "Szitasi, Janos"]
[Black "Obdrzalkova, Anitta"]
[Result "1/2-1/2"]
[WhiteElo "1972"]
[BlackElo "2005"]
[PlyCount "51"]
[EventDate "2008.??.??"]

1. e4 c5 2. Nf3 d6 3. d4 cxd4 4. Nxd4 Nf6 5. Nc3 a6 6. Be2 e5 7. Nf3 h6 8. O-O
Be7 9. h3 Be6 10. Be3 Nbd7 11. Nd2 b5 12. a3 O-O 13. f4 exf4 14. Rxf4 Ne5 15.
Rf2 Nfd7 16. Nf3 Nxf3+ 17. Bxf3 Ne5 18. Nd5 Bh4 19. Rf1 Nc4 20. Bd4 Qg5 21. Qc1
Bxd5 22. Qxg5 Bxg5 23. exd5 Ne3 24. Bxe3 Bxe3+ 25. Kh2 Rac8 26. c3 1/2-1/2

[Event "SR 3. liga A2 2008/2009"]
[Site "?"]
[Date "2009.01.25"]
[Round "6.7"]
[White "Takacs, Laszlo"]
[Black "Szabo, Gabor"]
[Result "0-1"]
[WhiteElo "1736"]
[BlackElo "1902"]
[PlyCount "110"]
[EventDate "2008.??.??"]

1. e4 c5 2. Nf3 d6 3. d4 cxd4 4. Nxd4 Nf6 5. Nc3 Nc6 6. Be2 e5 7. Nb3 Be6 8.
Be3 d5 9. Bg5 d4 10. Na4 Be7 11. Bd3 O-O 12. O-O b6 13. Nd2 Nb4 14. Nf3 Qc7 15.
b3 a6 16. Nb2 b5 17. Bd2 Bc8 18. a3 Nxd3 19. cxd3 Be6 20. b4 Rac8 21. Rc1 Qb8
22. Qe2 Nd7 23. Rxc8 Rxc8 24. Rc1 f6 25. Nh4 Nb6 26. Nf5 Bxf5 27. exf5 Rxc1+
28. Bxc1 Qc8 29. Qd1 Qxf5 30. Qc2 Qc8 31. Qxc8+ Nxc8 32. f4 Nb6 33. fxe5 fxe5
34. Kf2 Nd5 35. Nd1 Kf7 36. Kf3 h6 37. Ke4 Ke6 38. Bd2 g5 39. Nf2 h5 40. h3 g4
41. hxg4 Bh4 42. Kf3 Bxf2 43. Kxf2 hxg4 44. Kg3 Kf5 45. Kf2 Nc3 46. g3 Nb1 47.
Bc1 e4 48. dxe4+ Kxe4 49. Ke2 d3+ 50. Kd1 Kf3 51. Bf4 Nxa3 52. Kd2 Ke4 53. Kd1
Kd4 54. Bd6 Kc4 55. Bc5 Nc2 0-1

[Event "SR 3. liga A2 2008/2009"]
[Site "?"]
[Date "2009.01.25"]
[Round "6.8"]
[White "Vegh, Vince"]
[Black "Kahancova, Jana"]
[Result "1-0"]
[WhiteElo "1917"]
[BlackElo "1605"]
[PlyCount "63"]
[EventDate "2008.??.??"]

1. e4 e6 2. Qe2 c6 3. d4 d5 4. e5 c5 5. c3 Nc6 6. Nf3 Qb6 7. Qb5 Qxb5 8. Bxb5
Bd7 9. a3 a6 10. Bd3 c4 11. Bc2 b5 12. Be3 f6 13. O-O fxe5 14. dxe5 Nge7 15.
Nbd2 Nf5 16. Bxf5 exf5 17. Rae1 Be6 18. Ng5 Nd8 19. Bb6 Bd7 20. e6 Bc8 21. Bxd8
Kxd8 22. Nf7+ Ke7 23. Nxh8 g6 24. Nf3 Bg7 25. Nf7 Bb7 26. h4 h6 27. N7e5 Bxe5
28. Rxe5 Kf6 29. Rfe1 Ke7 30. Nd4 Re8 31. h5 gxh5 32. Nxf5+ 1-0

[Event "SR 3. liga A2 2008/2009"]
[Site "?"]
[Date "2009.02.14"]
[Round "6.1"]
[White "Janko, Ladislav"]
[Black "Sturdik, Igor"]
[Result "1-0"]
[WhiteElo "2258"]
[BlackElo "2022"]
[PlyCount "95"]
[EventDate "2008.??.??"]

1. e4 Nf6 2. Nc3 d5 3. e5 d4 4. exf6 dxc3 5. fxg7 cxd2+ 6. Bxd2 Bxg7 7. Qh5 Qd4
8. c3 Qe4+ 9. Qe2 Bf5 10. Qxe4 Bxe4 11. O-O-O Nc6 12. Be3 O-O 13. f3 Bg6 14. h4
h6 15. h5 Bh7 16. Nh3 Rfd8 17. Rxd8+ Rxd8 18. Nf2 f5 19. Nd3 b6 20. Nf4 Ne5 21.
Ne6 Rd6 22. Nxg7 Kxg7 23. Bd4 Rxd4 24. cxd4 Nc6 25. Rh4 Kf6 26. Kd2 Kg5 27. g3
Bg8 28. b3 Bf7 29. f4+ Kf6 30. Bc4 Nxd4 31. Kd3 c5 32. Bxf7 Kxf7 33. Kc4 Ke6
34. b4 Nf3 35. Rh1 Nd2+ 36. Kd3 Ne4 37. Re1 Kd5 38. bxc5 bxc5 39. Re3 c4+ 40.
Kc2 c3 41. Kd3 Nf2+ 42. Kc2 Ne4 43. Rd3+ Kc4 44. Rd7 a5 45. Rxe7 Nxg3 46. Re6
Nxh5 47. Rxh6 Nxf4 48. Rh4 1-0

[Event "SR 3. liga A2 2008/2009"]
[Site "?"]
[Date "2009.02.14"]
[Round "6.2"]
[White "Lukac, Tomas"]
[Black "Sulek, Viliam"]
[Result "1-0"]
[WhiteElo "1824"]
[BlackElo "2132"]
[PlyCount "65"]
[EventDate "2008.??.??"]

1. e4 c5 2. Nf3 Nc6 3. d4 cxd4 4. Nxd4 Nf6 5. Nc3 d6 6. Be2 e5 7. Nf3 h6 8. O-O
Be7 9. Re1 O-O 10. h3 Be6 11. Bf1 Rc8 12. Nd5 Bxd5 13. exd5 Nb4 14. c4 a5 15.
Bd2 Nd7 16. a3 Na6 17. b4 axb4 18. axb4 Bf6 19. Ra3 Re8 20. Nh2 Nb6 21. Qg4 Qd7
22. Qe4 Bg5 23. Bxg5 f5 24. Qh4 hxg5 25. Qxg5 Nxc4 26. Rg3 e4 27. Be2 Rf8 28.
Ng4 f4 29. Nh6+ Kh8 30. Rg4 gxh6 31. Rh4 Rf7 32. Bg4 Qe7 33. Rxh6+ 1-0

[Event "SR 3. liga A2 2008/2009"]
[Site "?"]
[Date "2009.02.14"]
[Round "6.3"]
[White "Kantor, Reka"]
[Black "Lopatievov, Alexander"]
[Result "0-1"]
[WhiteElo "1903"]
[BlackElo "2020"]
[PlyCount "56"]
[EventDate "2008.??.??"]

1. Nf3 Nf6 2. d4 d5 3. g3 g6 4. Bg2 Bg7 5. O-O O-O 6. b3 c5 7. Bb2 cxd4 8. Nxd4
Nc6 9. Nd2 Re8 10. c4 e5 11. Nxc6 bxc6 12. c5 e4 13. e3 a5 14. a3 Rb8 15. Bd4
Ba6 16. Re1 Nd7 17. b4 axb4 18. axb4 Bd3 19. Qa4 Rb5 20. Bf1 Bxf1 21. Kxf1 Ne5
22. Bxe5 Bxe5 23. Rab1 Bc3 24. Red1 Qf6 25. Rb3 Reb8 26. Nb1 Bxb4 27. Rd4 Bxc5
28. Rxb5 cxb5 0-1

[Event "SR 3. liga A2 2008/2009"]
[Site "?"]
[Date "2009.02.14"]
[Round "6.4"]
[White "Kozinka, Roman"]
[Black "Szekely, Stefan"]
[Result "1/2-1/2"]
[WhiteElo "2012"]
[BlackElo "2038"]
[PlyCount "49"]
[EventDate "2008.??.??"]

1. e4 d6 2. d4 Nf6 3. Nc3 g6 4. Nf3 Bg7 5. Be2 c6 6. O-O O-O 7. Bg5 h6 8. Be3
Nbd7 9. h3 Kh7 10. a4 a5 11. Bc4 e6 $11 12. Qd2 d5 13. exd5 Nxd5 14. Nxd5 exd5
15. Bd3 Nf6 16. Ne5 Ne4 17. Qe1 f5 18. f3 Bxe5 19. dxe5 Ng5 20. Qf2 Ne6 21. Bb6
Qe7 22. c3 Bd7 23. c4 Qg5 24. f4 Qe7 25. cxd5 $11 1/2-1/2

[Event "SR 3. liga A2 2008/2009"]
[Site "?"]
[Date "2009.02.14"]
[Round "6.5"]
[White "Puobis, Jozef"]
[Black "Zarecky, Eduard"]
[Result "1-0"]
[WhiteElo "2015"]
[BlackElo "1948"]
[PlyCount "87"]
[EventDate "2008.??.??"]

1. e4 e5 2. Nf3 Nc6 3. Bc4 Bc5 4. c3 Nf6 5. O-O O-O 6. b4 Bb6 7. d3 h6 8. a4 a6
9. Qe2 d6 10. Na3 Bg4 11. Nc2 Qe7 12. Ne3 Bxe3 13. Bxe3 Rad8 14. b5 Na5 15. Ba2
axb5 16. axb5 b6 17. h3 Be6 18. c4 Nb7 19. Bb3 Ra8 20. Nh2 Nc5 21. Bc2 Bd7 22.
Rfb1 Ne6 23. Bd1 Nf4 24. Qd2 g5 25. h4 Nh7 26. Ng4 Kg7 27. g3 Ng6 28. hxg5 hxg5
29. Kg2 f5 30. Rxa8 Rxa8 31. exf5 Bxf5 32. Bf3 Ra3 33. Be2 Qe6 34. Nh2 Bh3+ 35.
Kg1 Nf4 36. gxf4 gxf4 37. Bxf4 exf4 38. Kh1 Qf6 39. Rg1+ Ng5 40. Nf3 Ra1 41.
Bd1 Kh6 42. Rxg5 Qxg5 43. Nxg5 Kxg5 44. Qe2 1-0

[Event "SR 3. liga A2 2008/2009"]
[Site "?"]
[Date "2009.02.14"]
[Round "6.6"]
[White "Mackovic, Miroslav"]
[Black "Kosar, Mikulas ml"]
[Result "0-1"]
[WhiteElo "1972"]
[BlackElo "1891"]
[PlyCount "92"]
[EventDate "2008.??.??"]

1. e4 e5 2. Nf3 Nc6 3. Bb5 a6 4. Ba4 Bc5 5. c3 b5 6. Bb3 d6 7. h3 Nf6 8. d3 h6
9. O-O O-O 10. d4 Bb6 11. Re1 Re8 12. d5 Ne7 13. Nbd2 Ng6 14. Nf1 Bd7 15. Ng3
Qc8 16. Qe2 Bxh3 17. gxh3 Qxh3 18. Qf1 Qxg3+ 19. Qg2 Bxf2+ 20. Kf1 Bxe1 21.
Nxe1 Qxg2+ 22. Nxg2 Nxe4 23. Bc2 f5 24. Ne3 Rf8 25. Kg1 Nh4 26. a4 Ng3 27. Kh2
f4 28. Ng4 h5 29. Nf2 Nf3+ 30. Kh3 g5 31. Bd1 g4+ 32. Kg2 Nh4+ 33. Kg1 Ngf5 34.
Ne4 Ne3 35. Bxe3 fxe3 36. Be2 Nf3+ 37. Kg2 Nd2 38. Nxd2 Rf2+ 39. Kg3 Rxe2 40.
Ne4 Rxb2 41. Nf6+ Kh8 42. Nxh5 e2 43. Nf6 bxa4 44. Kxg4 Rf8 45. Kg5 e1=Q 46.
Rxe1 Rg2+ 0-1

[Event "SR 3. liga A2 2008/2009"]
[Site "?"]
[Date "2009.02.14"]
[Round "6.7"]
[White "Bott, Tamas"]
[Black "Gajarsky, Julius"]
[Result "0-1"]
[WhiteElo "1807"]
[BlackElo "1807"]
[PlyCount "42"]
[EventDate "2008.??.??"]

1. e4 c5 2. d4 cxd4 3. Qxd4 Nc6 4. Qd3 d6 5. Nf3 Nf6 6. c3 a6 7. Be2 e5 8. Be3
Be7 9. Nbd2 Ng4 10. O-O-O Be6 11. b3 b5 12. h3 Nxe3 13. Qxe3 Qa5 14. Kb1 Rc8
15. Rc1 O-O 16. Rc2 Rfd8 17. Kb2 Nb4 18. a3 Nxc2 19. Kxc2 Qxa3 20. b4 Qxb4 21.
Rb1 Qa5 0-1

[Event "SR 3. liga A2 2008/2009"]
[Site "?"]
[Date "2009.02.14"]
[Round "6.8"]
[White "Kozinka, Jan"]
[Black "Kosar, Mikulas st"]
[Result "1-0"]
[WhiteElo "1767"]
[BlackElo "1862"]
[PlyCount "55"]
[EventDate "2008.??.??"]

1. e4 e5 2. Nf3 Nf6 3. Nxe5 d6 4. Nf3 Nxe4 5. Qe2 Qe7 6. d3 Nf6 7. Be3 Nd5 8.
Bd2 Nc6 9. a3 Be6 10. c4 Nf6 11. Bg5 Qd8 12. Nc3 Be7 13. d4 d5 14. Bxf6 gxf6
15. cxd5 Bxd5 16. Nxd5 Qxd5 17. Qb5 Qe4+ 18. Be2 O-O-O 19. O-O Rhg8 20. g3 Nxd4
21. Nxd4 Rxd4 22. Rae1 f5 23. Bd1 Qh4 24. Bf3 c6 25. Qxf5+ Kd8 26. Qxf7 Qg5 27.
Rxe7 Qf4 28. Qxg8+ 1-0

[Event "SR 3. liga A2 2008/2009"]
[Site "?"]
[Date "2009.01.25"]
[Round "6.1"]
[White "Hudacek, Josef"]
[Black "Horak, Ivan"]
[Result "1-0"]
[WhiteElo "2065"]
[BlackElo "2138"]
[PlyCount "111"]
[EventDate "2008.??.??"]

1. e4 c5 2. Ne2 d6 3. g3 g6 4. Bg2 Bg7 5. O-O Nc6 6. c3 e6 7. d3 Nge7 8. f4 O-O
9. Nd2 b6 10. g4 f5 11. g5 Ba6 12. Rf3 Kf7 13. Rh3 Rh8 14. exf5 exf5 15. Qa4
Bb7 16. Nf3 d5 17. d4 cxd4 18. Nexd4 Nxd4 19. Nxd4 h6 20. Re3 hxg5 21. Ne6 Qd6
22. Nxg5+ Kf8 23. Re6 Bc6 24. Qxc6 Qxc6 25. Rxc6 Nxc6 26. Bxd5 Rc8 27. Ne6+ Kg8
28. Nd8+ Kh7 29. Nxc6 Rc7 30. Be3 Rhc8 31. Nd4 Re7 32. Nc2 Bxc3 33. bxc3 Rxc3
34. Bb3 Rxc2 35. Bxc2 Rxe3 36. Kf2 Ra3 37. Bb3 a5 38. Rc1 b5 39. Rc7+ Kh6 40.
Rb7 a4 41. Bg8 g5 42. fxg5+ Kxg5 43. Rxb5 Rc3 44. h4+ Kf6 45. Ra5 a3 46. Bb3
Rh3 47. Ra4 Ke5 48. Kg2 Rc3 49. Rxa3 f4 50. h5 Kd4 51. Ra8 Rg3+ 52. Kf2 Rh3 53.
Bf7 Ke4 54. Bg6+ Ke5 55. a4 Ra3 56. h6 1-0

[Event "SR 3. liga A2 2008/2009"]
[Site "?"]
[Date "2009.01.25"]
[Round "6.2"]
[White "Kovarik, Oto"]
[Black "Kapusta, Petr"]
[Result "0-1"]
[WhiteElo "2052"]
[BlackElo "2084"]
[PlyCount "64"]
[EventDate "2008.??.??"]

1. e4 c5 2. Nf3 d6 3. d4 cxd4 4. Nxd4 Nf6 5. Bd3 Nc6 6. c3 e5 7. Ne2 Be7 8. O-O
O-O 9. c4 Be6 10. Nbc3 Rc8 11. b3 Nb4 12. Bb1 a6 13. Bd2 Nd7 14. Ng3 g6 15. Nd5
Nc6 16. Bd3 Nc5 17. Be3 f5 18. Bxc5 dxc5 19. f4 exf4 20. Rxf4 Bd6 21. Rf1 f4
22. Nh1 Qh4 23. Qe1 Qg5 24. Be2 Be5 25. Rd1 Bd4+ 26. Rxd4 Nxd4 27. Bf3 Bh3 28.
Qf2 Rce8 29. Re1 Bxg2 30. Bxg2 f3 31. Re3 fxg2 32. Qg3 gxh1=Q+ 0-1

[Event "SR 3. liga A2 2008/2009"]
[Site "?"]
[Date "2009.01.25"]
[Round "6.3"]
[White "Kubis, Ivan"]
[Black "Sefcik, Marek"]
[Result "1-0"]
[WhiteElo "2042"]
[BlackElo "1997"]
[PlyCount "79"]
[EventDate "2008.??.??"]

1. e4 c5 2. Nf3 e6 3. d4 cxd4 4. Nxd4 Bc5 5. Nb3 Bb6 6. Bd3 Ne7 7. O-O O-O 8.
c4 f5 9. c5 Bc7 10. f4 Nbc6 11. Nc3 b6 12. Be3 bxc5 13. Bxc5 fxe4 14. Bxe4 d5
15. Bc2 Rxf4 16. Rxf4 Bxf4 17. Qf3 Be5 18. Rf1 Bf6 19. Qd3 Ng6 20. Qe2 Nce7 21.
Nd4 e5 22. Ndb5 a6 23. Nd6 Qc7 24. Ba3 Be6 25. g3 Qa7+ 26. Kg2 e4 27. Bb3 Ne5
28. Ncxe4 Bg4 29. Nxf6+ gxf6 30. Qd2 Rd8 31. Bxd5+ Kg7 32. h3 Rxd6 33. Bxd6 Qd7
34. Bxe5 Bxh3+ 35. Kg1 Bxf1 36. Qg5+ Kf8 37. Qxf6+ Ke8 38. Qh8+ Ng8 39. Qxg8+
Ke7 40. Qf7+ 1-0

[Event "SR 3. liga A2 2008/2009"]
[Site "?"]
[Date "2009.01.25"]
[Round "6.4"]
[White "Bilovsky, Milan"]
[Black "Londin, Martin"]
[Result "1/2-1/2"]
[WhiteElo "1911"]
[BlackElo "1996"]
[PlyCount "120"]
[EventDate "2008.??.??"]

1. c4 e6 2. Nc3 d5 3. d4 Nf6 4. Bg5 Nbd7 5. cxd5 exd5 6. e3 c6 7. Bd3 Bb4 8.
Nge2 Qa5 9. O-O h6 10. Bh4 Bd6 11. Bg3 Bxg3 12. Nxg3 g6 13. a3 O-O 14. b4 Qc7
15. Rc1 Qd6 16. Qd2 Kg7 17. Bb1 Re8 18. f3 Nb6 19. Ba2 Be6 20. e4 dxe4 21. fxe4
Nh7 22. e5 Qd8 23. Bxe6 Rxe6 24. Nce4 Nd5 25. Nd6 Rxd6 26. exd6 Qxd6 27. Rce1
Qd7 28. Ne4 Rd8 29. Nc5 Qc7 30. Qf2 Kg8 31. Qh4 Kg7 32. Re2 Ng5 33. Qg4 a5 34.
h4 Nh7 35. Ref2 Nhf6 36. Qh3 Re8 37. Rf3 Re7 38. Nd3 axb4 39. axb4 Qb6 40. Qg3
Qxd4+ 41. Qf2 Qxf2+ 42. R1xf2 Ng4 43. Rf1 h5 44. Rb1 Nc3 45. Rb2 Ne2+ 46. Kh1
Nd4 47. Rf1 Nf5 48. Re1 Rd7 49. Ne5 Re7 50. Nf3 Nge3 51. Kg1 Rd7 52. Rd2 Nd5
53. Kf2 Rc7 54. b5 Nb6 55. Rc1 Nd6 56. Rxd6 Re7 57. bxc6 bxc6 58. Rdxc6 Nd5 59.
R6c5 Nf6 60. Rc7 Ng4+ 1/2-1/2

[Event "SR 3. liga A2 2008/2009"]
[Site "?"]
[Date "2009.01.25"]
[Round "6.5"]
[White "Vepy, Ivan"]
[Black "Jozefovic, Milan"]
[Result "1-0"]
[WhiteElo "1941"]
[BlackElo "1894"]
[PlyCount "65"]
[EventDate "2008.??.??"]

1. e4 e6 2. d4 d5 3. e5 c5 4. c3 Nc6 5. Bb5 Bd7 6. Ne2 cxd4 7. Bxc6 bxc6 8.
cxd4 Bb4+ 9. Nbc3 h6 10. O-O Ne7 11. a3 Ba5 12. b4 Bb6 13. Ng3 Nf5 14. Nce2 Qh4
15. Nxf5 exf5 16. Nf4 Qe7 17. Re1 Be6 18. Nh5 Qf8 19. Bb2 Bd8 20. Rc1 Bd7 21.
Nf4 Bg5 22. e6 Bxf4 23. exd7+ Kxd7 24. Rc5 Qd6 25. g3 Bg5 26. h4 Bf6 27. Qd3 g6
28. Qa6 Rhb8 29. Bc1 Rb6 30. Qa4 Bxd4 31. Bf4 Qf6 32. Rxd5+ Kc8 33. Re8+ 1-0